000
00291nam a22001337a 4500
020
_a
9
082
_a
933 DAN
100
_a
Daniel Rops, Henri
245
_a
Isreal and the Ancient World
260
_a
New Yark
_b
Image Books
_c
1964
300
_a
413
650
_a
Isreal-History
942
_c
BK
999
_c
20236
_d
20236